000 00522nam a2200217Ia 4500
003 OSt
005 20220918231730.0
006 a|||||r|||| 00| 0
007 ta
008 220917b |||||||| |||| 00| 0 eng d
024 _a348,564
037 _cTextual
040 _aARTS
_cARTS
_beng
041 _2eng
_aeng
082 _a2:55N3, qK4;23
245 0 _aClassified cataogue code
260 _c1964
650 _aLIBRARY SCIENCE
942 _h2:55N3, qK4;23
_cTEXL
_2CC
999 _c292179
_d292179